Podielové fondy vs. termínované vklady bakalárska práca

Gespeichert in:
Bibliographische Detailangaben
1. Verfasser: Töröková, Zuzana
Körperschaft: Národohospodárska fakulta EU. Katedra bankovníctva a medzinárodných financií
Weitere Verfasser: Střelecká, Zdenka
Format: Buch
Sprache:Slowakisch
Veröffentlicht: Bratislava 2009
Tags: Tag hinzufügen
Keine Tags, Fügen Sie das erste Tag hinzu!

MARC

LEADER 00000nam$a2200000$$$4500
001 0100214
005 20240319123326.3
041 0 |a slo 
044 |a SK 
245 1 0 |a Podielové fondy vs. termínované vklady  |b bakalárska práca  |c Zuzana Töröková ; škol. Zdenka Střelecká 
264 1 |a Bratislava  |c 2009 
300 |a 33 s. 
100 1 |a Töröková, Zuzana 
700 1 |a Střelecká, Zdenka 
710 2 |a Národohospodárska fakulta EU. Katedra bankovníctva a medzinárodných financií